MARC

LEADER 00000nam0a2200000 4500
001 10719
005 20240208144050.0
035 |a (RuTPU)RU\TPU\book\10783 
035 |a BOOK00010849 
090 |a 10719 
100 |a 20011209d1998 m y0rusy50 ca 
101 0 |a rus 
102 |a RU 
105 |a y j 000zy 
200 1 |a Политология  |e учебное пособие  |f Л. И. Сосковец  |g Томский политехнический университет 
210 |a Томск  |c Изд-во ТПУ  |d 1998 
215 |a 70 с. 
606 1 |a Политология  |2 stltpush  |3 (RuTPU)RU\TPU\subj\50495  |9 69168 
610 1 |a политика 
610 1 |a политические теории 
610 1 |a учебные пособия 
686 |a Ф011.6я73  |2 rubbk 
700 1 |a Сосковец  |b Л. И.  |c историк, политолог  |c профессор Томского политехнического университета, доктор исторических наук  |f 1956-  |g Любовь Ивановна  |3 (RuTPU)RU\TPU\pers\25443  |9 11385 
712 0 2 |a Томский политехнический университет  |3 (RuTPU)RU\TPU\col\376 
801 0 |a RU  |b 63413507  |c 20011209  |g PSBO 
801 2 |a RU  |b 63413507  |c 20220526  |g PSBO 
942 |c BK